|
|
|
|
| LEADER |
00000nam0a2200000 4500 |
| 001 |
73935 |
| 005 |
20231101212731.0 |
| 035 |
|
|
|a (RuTPU)RU\TPU\book\78868
|
| 090 |
|
|
|a 73935
|
| 100 |
|
|
|a 20050224d1993 k y0rusy50 ca
|
| 101 |
0 |
|
|a rus
|
| 102 |
|
|
|a RU
|
| 105 |
|
|
|a y dm 001zy
|
| 200 |
1 |
|
|a Синтез, стереохимия и физико-химические свойства карбонилгалогенидных комплексов осмия (II) и (III)
|e автореферат диссертации на соискание ученой степени кандидата химических наук
|e Спец. 02.00.01
|f Э. А. Бернгардт
|g Российская академия наук (РАН), Институт общей и неорганической химии им. Н. С. Курнакова (ИОНХ) ; науч. рук. Ю. В. Кокунов
|
| 210 |
|
|
|a Москва
|d 1993
|
| 215 |
|
|
|a 24 с.
|
| 300 |
|
|
|a Защита сост. 21.09.1993
|
| 320 |
|
|
|a Библиогр.: с. 23-24 (8 назв.)
|
| 606 |
1 |
|
|a Комплексные соединения
|2 stltpush
|3 (RuTPU)RU\TPU\subj\15019
|9 41320
|
| 606 |
1 |
|
|a Осмий
|x Химия
|2 stltpush
|3 (RuTPU)RU\TPU\subj\75322
|9 87168
|
| 610 |
1 |
|
|a физическая химия
|
| 610 |
1 |
|
|a платиновые металлы
|
| 610 |
1 |
|
|a карбонилы
|
| 610 |
1 |
|
|a авторефераты диссертаций
|
| 675 |
|
|
|a 546-386(04)
|v 3
|
| 675 |
|
|
|a 546.94(04)
|v 3
|
| 686 |
|
|
|a 02.00.01
|2 oksvnk
|
| 700 |
|
1 |
|a Бернгардт
|b Э. А.
|g Эдуард Арнольдович
|
| 702 |
|
1 |
|a Кокунов
|b Ю. В.
|4 727
|
| 712 |
0 |
2 |
|a Российская академия наук (РАН)
|b Институт общей и неорганической химии им. Н. С. Курнакова (ИОНХ)
|c (Москва)
|2 stltpush
|3 (RuTPU)RU\TPU\col\395
|
| 801 |
|
1 |
|a RU
|b 63413507
|c 20050224
|g PSBO
|
| 801 |
|
2 |
|a RU
|b 63413507
|c 20160407
|g PSBO
|
| 942 |
|
|
|c BK
|